| 000 | 01772nam0a22002531 4500 | ||
|---|---|---|---|
| 001 | rc\422219 | ||
| 005 | 20250621081200.0 | ||
| 035 | _a(NLR Aleph) 005669646 | ||
| 090 |
_a6960328 _c6960328 |
||
| 100 | _a20030616d1987 |||y0rusy50 ca | ||
| 101 | 0 | _arus | |
| 102 | _aRU | ||
| 105 | _ay ||||||||| | ||
| 200 | 1 |
_aПтица изгнанья _eИзбр. произведения _eПер. с араб. _fМахмуд. Дервиш _g[Послесл. А. Алимжанова] |
|
| 210 |
_aМ. _cРадуга _d1987 |
||
| 215 |
_a326, [1] с. _d17 |
||
| 327 | 1 | _aСодерж.: Из сб.: "Листья оливы", "Влюбленный из Палестины", "Последняя ночь", "Моя любимая пробуждается ото сна", "Птицы умирают в Гилилее", "Люблю тебя или нет", "Попытка № 7", "Свадьба", "Осада песен моря" | |
| 464 | 0 |
_12001#$a"Листья оливы", "Влюбленный из Палестины", "Последняя ночь", "Моя любимая пробуждается ото сна", "Птицы умирают в Гилилее", "Люблю тебя или нет", "Попытка № 7", "Свадьба", "Осада песен моря" _t"Листья оливы", "Влюбленный из Палестины", "Последняя ночь", "Моя любимая пробуждается ото сна", "Птицы умирают в Гилилее", "Люблю тебя или нет", "Попытка № 7", "Свадьба", "Осада песен моря" |
|
| 700 | 1 |
_aДервиш _bМ. _f1939- _gМахмуд |
|
| 801 | 0 |
_aRU _bNLR _gpsbo |
|
| 801 | 1 |
_aRU _bELAR _2rusmarc |
|
| 852 |
_aNLR _j87-2/1724 |
||
| 942 | _cBOOK | ||
| 980 | _aNB | ||